La tonalidad precisa del rojo / (Record no. 196221)
[ view plain ]
| 000 -LEADER | |
|---|---|
| campo de control de longitud fija | 02226nam a2200397 i 4500 |
| 001 - NÚMERO DE CONTROL | |
| campo de control | 196221 |
| 003 - IDENTIFICADOR DE NÚMERO DE CONTROL | |
| campo de control | ES-MaACL |
| 005 - FECHA Y HORA DE LA ÚLTIMA TRANSACCIÓN | |
| campo de control | 20250711063132.0 |
| 008 - DATOS DE LONGITUD FIJA--INFORMACIÓN GENERAL | |
| campo de control de longitud fija | 240818s2021 sp | |||| 000 0 spa |
| 015 ## - NÚMERO DE BIBLIOGRAFÍA NACIONAL | |
| Número de bibliografía nacional | MON21 |
| 017 ## - NÚMERO DE COPYRIGHT O DE DEPÓSITO LEGAL | |
| Número de copyright o de depósito legal | TO 13-2021 |
| Agencia que asigna | Oficina Depósito Legal Toledo |
| 020 ## - NÚMERO INTERNACIONAL ESTÁNDAR DEL LIBRO | |
| Número Internacional Estándar del Libro | 9788412212969 |
| 035 ## - NÚMERO DE CONTROL DEL SISTEMA | |
| Número de control de sistema | (SpMaBN)a6871850 |
| 035 ## - NÚMERO DE CONTROL DEL SISTEMA | |
| Número de control de sistema | 991034241719708606 |
| 040 ## - FUENTE DE CATALOGACIÓN | |
| Centro catalogador/agencia de origen | SpMaBN |
| Lengua de catalogación | spa |
| Centro/agencia transcriptor | SpMaBN |
| Normas de descripción | rda |
| 080 ## - NÚMERO DE LA CLASIFICACIÓN DECIMAL UNIVERSAL | |
| Número de la Clasificación Decimal Universal | 821.134.2-36"20" |
| 100 1# - ENTRADA PRINCIPAL--NOMBRE DE PERSONA | |
| Nombre de persona | Broullón, Manuel, |
| Fechas asociadas al nombre | 1987- |
| 9 (RLIN) | 240302 |
| Término indicativo de función/relación | Autor |
| 245 13 - MENCIÓN DEL TÍTULO | |
| Título | La tonalidad precisa del rojo / |
| Mención de responsabilidad, etc. | Manuel Broullón ; epílogo de Manuel Ángel Vázquez Medel. |
| 250 ## - MENCION DE EDICION | |
| Mención de edición | Primera edición: enero, 2021 |
| 264 #1 - PRODUCCIÓN, PUBLICACIÓN, DISTRIBUCIÓN, FABRICACIÓN Y COPYRIGHT | |
| Producción, publicación, distribución, fabricación y copyright | Madrid, España : |
| Nombre del de productor, editor, distribuidor, fabricante | Kaótica Libros, |
| Fecha de producción, publicación, distribución, fabricación o copyright | [2021]. |
| 300 ## - DESCRIPCIÓN FÍSICA | |
| Extensión | 117 páginas : |
| Dimensiones | 21 cm. |
| 336 ## - TIPO DE CONTENIDO | |
| Término de tipo de contenido | Texto |
| Fuente | rdacontent |
| 337 ## - TIPO DE MEDIO | |
| Nombre/término del tipo de medio | sin mediación |
| Fuente | rdamedia |
| 338 ## - TIPO DE SOPORTE | |
| Nombre/término del tipo de soporte | volumen |
| Fuente | rdacarrier |
| 490 1# - MENCIÓN DE SERIE | |
| Mención de serie | Multiverso ; |
| Designación de volumen o secuencia | 1 |
| 520 ## - RESUMEN, ETC. | |
| Sumario, etc. | La tonalidad precisa del rojo es la afirmación de una mirada que se funde con la ciudad, con los cuerpos que la habitan y con el tiempo que todo lo atraviesa.<br/>La búsqueda meditativa del mundo y sus representaciones suscita a la vez una experiencia sensorial de plenitud en el presente y la constatación de la fragilidad del ser y de sus identidades.<br/><br/>«Manuel Broullón nunca queda en la superficie de las cosas. Parte de la physis, de lo concreto y material, pero siempre va más allá de ello: lanza la palabra desde la fuerza proyectiva de lo simbólico. Por eso su escritura es física y –al mismo tiempo– meta-física. Y llega al fondo de las cosas con la minuciosidad del orfebre».<br/><br/>Manuel Ángel Vázquez Medel |
| 655 #0 - TERMINO DE INDIZACIÓN--GENERO/FORMA | |
| Datos o término principal de género/forma | Misceláneas |
| Fuente del término | tgfbne |
| 9 (RLIN) | 234752 |
| 700 1# - ENTRADA AGREGADA--NOMBRE PERSONAL | |
| 9 (RLIN) | 113461 |
| Nombre de persona | Vázquez Medel, Manuel Ángel |
| Término indicativo de función/relación | Autor de epílogo, colofón, etc. |
| 830 #0 - PUNTO DE ACCESO ADICIONAL DE SERIE-TÍTULO UNIFORME | |
| Título uniforme | Multiverso ; |
| Designación de volumen o secuencia | 1 |
| 9 (RLIN) | 240303 |
| 852 ## - LOCALIZACIÓN | |
| Ubicación | ES-MaACL |
| Sublocalización o colección | R.154508 |
| Ubicación en estantería | Depósito J |
| Número de control de estantería | N-9296 |
| Anotaciones manuscritas | Dedicatoria autógrafa del autor |
| Donativo/Legado | Donación: Manuel Broullón |
| Encuadernación | Encuadernación rústica con solapas |
| itemnumber | 205348 |
| 903 ## - NOMBRE PERSONAL DE DONANTE | |
| 9 | 240302 |
| a | Broullón, Manuel, |
| d | 1987- |
| e | Donante |
| 942 ## - ELEMENTOS DE ENTRADA SECUNDARIOS (KOHA) | |
| Tipo de ítem Koha | Libro impreso |
| Suprimir en OPAC | No |
| Estatus retirado | Estado de pérdida | Fuente del sistema de clasificación o colocación | Estado de daño | No para préstamo | Colección | Biblioteca de origen | Biblioteca actual | Ubicación en estantería | Fecha de adquisición | Fuente de adquisición | Total de préstamos | Signatura topográfica completa | Código de barras | Visto por última vez | Precio de reemplazo | Tipo de ítem Koha |
|---|---|---|---|---|---|---|---|---|---|---|---|---|---|---|---|---|
| Clasificación decimal universal | Libros con dedicatorias | Biblioteca del Ateneo de Madrid | Biblioteca del Ateneo de Madrid | Depósito J | 09/05/2025 | Donación | N-9296 | 101230022 | 09/05/2025 | 09/05/2025 | Libro impreso |
